Daimler 360 facts

Salvato in:
Dettagli Bibliografici
Natura: Libro
Lingua:inglese
Pubblicazione: Stuttgart Daimler AG 2008
Soggetti:
Tags: Aggiungi Tag
Nessun Tag, puoi essere il primo ad aggiungerne!!

MARC

LEADER 00000nam$a2200000$$$4500
001 0091629
005 20240108123837.7
022 |a 1865-6218 
041 0 |a eng 
044 |a DE 
245 1 0 |a Daimler  |b 360 facts 
264 1 |a Stuttgart  |b Daimler AG  |c 2008 
300 |a 74 s. 
610 2 0 |a priemysel automobilový 
610 2 0 |a firmy 
610 2 0 |a pracovníci riadiaci 
610 2 0 |a manažéri 
610 2 0 |a hospodárstvo podnikové 
610 2 0 |a úspech pracovný 
610 2 0 |a výsledok hospodársky 
610 2 0 |a ochrana prostredia životného 
610 2 0 |a inovácia 
610 2 0 |a zamestnanci 
610 2 0 |a zákazníci 
610 2 0 |a ciele podnikové 
610 2 0 |a automobily 
610 2 0 |a Daimler AG